<?xml version="1.0" encoding="UTF-8"?>
<record
    xmlns:xsi="http://www.w3.org/2001/XMLSchema-instance"
    xsi:schemaLocation="http://www.loc.gov/MARC21/slim http://www.loc.gov/standards/marcxml/schema/MARC21slim.xsd"
    xmlns="http://www.loc.gov/MARC21/slim">

  <leader>00402nam a2200121   4500</leader>
  <controlfield tag="008">240910b        |||||||| |||| 00| 0 eng d</controlfield>
  <datafield tag="040" ind1=" " ind2=" ">
    <subfield code="a">National Science Library</subfield>
    <subfield code="c">National Science Library</subfield>
  </datafield>
  <datafield tag="080" ind1=" " ind2=" ">
    <subfield code="a">543.54.25.001.5=30</subfield>
    <subfield code="b">K0</subfield>
  </datafield>
  <datafield tag="100" ind1=" " ind2=" ">
    <subfield code="a">Schay, geza</subfield>
  </datafield>
  <datafield tag="245" ind1=" " ind2=" ">
    <subfield code="a">Theoretische grundlagen der gaschromatographie</subfield>
  </datafield>
  <datafield tag="260" ind1=" " ind2=" ">
    <subfield code="a">Berlin </subfield>
    <subfield code="b">Veb deutscher verlag der wissenschaften </subfield>
    <subfield code="c">1960</subfield>
  </datafield>
  <datafield tag="942" ind1=" " ind2=" ">
    <subfield code="c">REF</subfield>
    <subfield code="2">udc</subfield>
  </datafield>
  <datafield tag="999" ind1=" " ind2=" ">
    <subfield code="c">67027</subfield>
    <subfield code="d">67027</subfield>
  </datafield>
  <datafield tag="952" ind1=" " ind2=" ">
    <subfield code="0">0</subfield>
    <subfield code="1">0</subfield>
    <subfield code="2">udc</subfield>
    <subfield code="4">0</subfield>
    <subfield code="6">54354424001530K0</subfield>
    <subfield code="7">0</subfield>
    <subfield code="9">182089</subfield>
    <subfield code="a">NSL</subfield>
    <subfield code="b">NSL</subfield>
    <subfield code="c">GF</subfield>
    <subfield code="d">1965-06-02</subfield>
    <subfield code="l">0</subfield>
    <subfield code="o">543.544.24.001.5=30,K0</subfield>
    <subfield code="p">12579</subfield>
    <subfield code="r">2024-09-11 00:00:00</subfield>
    <subfield code="w">1965-06-02</subfield>
    <subfield code="y">REF</subfield>
  </datafield>
</record>
